MARC details
| 000 -CABECERA |
| campo de control de longitud fija |
03622cam a2200397 i 4500 |
| 001 - NÚMERO DE CONTROL |
| campo de control |
9833286 |
| 003 - IDENTIFICADOR DEL NÚMERO DE CONTROL |
| campo de control |
CaAEU |
| 005 - FECHA Y HORA DE LA ÚLTIMA TRANSACCIÓN |
| campo de control |
20251023175649.0 |
| 008 - DATOS DE LONGITUD FIJA--INFORMACIÓN GENERAL |
| campo de control de longitud fija |
210524t20212021nyuab b 001 0 eng |
| 010 ## - NÚMERO DE CONTROL DE LA BIBLIOTECA DEL CONGRESO |
| Número de control de LC |
2021024614 |
| 015 ## - NÚMERO DE BIBLIOGRAFÍA NACIONAL |
| Número de bibliografía nacional |
GBC189911 |
| Fuente |
bnb |
| 016 7# - NÚMERO DE CONTROL DE UNA AGENCIA BIBLIOGRÁFICA NACIONAL |
| Número de control del registro |
020217394 |
| Fuente |
Uk |
| 020 ## - NÚMERO INTERNACIONAL ESTÁNDAR DEL LIBRO |
| Número Internacional Estándar del Libro |
9781108701440 |
| 035 ## - NÚMERO DE CONTROL DEL SISTEMA |
| Número de control de sistema |
on1252739615 |
| 040 ## - FUENTE DE LA CATALOGACIÓN |
| Centro catalogador/agencia de origen |
DLC |
| Lengua de catalogación |
eng |
| Normas de descripción |
rda |
| Centro/agencia transcriptor |
DLC |
| Centro/agencia modificador |
OCLCO |
| -- |
UKMGB |
| -- |
OCLCF |
| -- |
CDX |
| -- |
AEKC |
| 041 ## - CÓDIGO DE LENGUA |
| Código de lengua del texto/banda sonora o título independiente |
eng |
| 042 ## - CÃDIGO DE AUTENTICACIÃN |
| Código de autenticación |
pcc |
| 050 00 - SIGNATURA TOPOGRÁFICA DE LA BIBLIOTECA DEL CONGRESO |
| Número de clasificación |
HF1379 |
| Número de documento/Ítem |
.C94 2021 |
| 100 ## - ENTRADA PRINCIPAL--NOMBRE DE PERSONA |
| Nombre de persona |
Czinkota, Michael R. |
| Término indicativo de función/relación |
author |
| 9 (RLIN) |
20542 |
| 245 10 - MENCIÓN DE TÍTULO |
| Título |
International business / |
| Mención de responsabilidad, etc. |
Michael R. Czinkota, Ilkka A. Ronkainen, Suraksha Gupta. |
| 250 ## - MENCIÓN DE EDICIÓN |
| Mención de edición |
Ninth Edition. |
| 260 ## - PUBLICACIÓN, DISTRIBUCIÓN, ETC. |
| Lugar de publicación, distribución, etc. |
New York, NY ; |
| Nombre del editor, distribuidor, etc. |
Cambridge : |
| -- |
Cambridge University Press, |
| Fecha de publicación, distribución, etc. |
2021. |
| 300 ## - DESCRIPCIÓN FÍSICA |
| Extensión |
xv, 573 pages : |
| Otras características físicas |
color illustrations, color maps ; |
| Dimensiones |
26 cm. |
| 500 ## - NOTA GENERAL |
| Nota general |
Revised edition of International business, c2011. |
| 504 ## - NOTA DE BIBLIOGRAFÍA, ETC. |
| Nota de bibliografía, etc. |
Includes bibliographical references (pages 513-553) and index. |
| 505 0# - NOTA DE CONTENIDO CON FORMATO |
| Nota de contenido con formato |
Part I. The international business imperative — Trade and investment policies — The essence of culture — Politics and laws — Part II. Financial management — Developing and emerging markets and their integration — Building data and knowledge — Entry and expansion — Part III. International marketing — Services — International supply chain management — Managing globally — Part IV. Ownership, governance, and sustainability — Digital contributions for international business — International business: the soul and future — Case studies. Alibaba and its influence on international market — Do international traders have it all wrong? — Diwali in India — The tomato: Vegetable or fruit? — Mixel agitators, a French SME expanding into China — HSBC: Guanxi for internationalization — The Bell Boeing V-22 — Tao Kea Noi seaweed snack: Going global — Honeyland manuka honey from New Zealand — When diamonds weep — H-1B visa: A high-tech dilemma — Chopsticks from America: A historic assessment — Ecological cooling: The fridge from Eastern Germany — One afternoon at the United States International Trade Commission — Whiskey to Vietnam: Learning rapidly — References — Index. |
| 520 ## - SUMARIO, ETC. |
| Sumario, etc. |
Thoroughly updated, the 9th edition of this bestselling textbook incorporates global trends and data, supported by an exemplary case selection based on firms from around the world. The internationally cited author team of Czinkota, Ronkainen, and Gupta balance conceptual understanding of business theory with the day-to-day realities of business practice, preparing students to become successful participants in the global business place. This edition brings greater focus on Asia and emerging markets, as well as Brexit, the impact of COVID-19 on business and the importance of technology and the digital space to international business practice. Through its discussion and analysis, the book guides students to a greater understanding of contemporary business issues and helps them to develop new tools of analysis. Covering all key aspects of international business, the authors emphasize a few key dimensions: international context, role of government in international business, small- and medium-sized firms, and social responsibility. |
| 650 #0 - PUNTO DE ACCESO ADICIONAL DE MATERIA--TÉRMINO DE MATERIA |
| Término de materia o nombre geográfico como elemento de entrada |
International trade |
| 9 (RLIN) |
495 |
| 650 #0 - PUNTO DE ACCESO ADICIONAL DE MATERIA--TÉRMINO DE MATERIA |
| Término de materia o nombre geográfico como elemento de entrada |
International finance |
| 9 (RLIN) |
496 |
| 650 #0 - PUNTO DE ACCESO ADICIONAL DE MATERIA--TÉRMINO DE MATERIA |
| Término de materia o nombre geográfico como elemento de entrada |
Investments, Foreign |
| 9 (RLIN) |
1315 |
| 650 #0 - PUNTO DE ACCESO ADICIONAL DE MATERIA--TÉRMINO DE MATERIA |
| Término de materia o nombre geográfico como elemento de entrada |
International business enterprises |
| 9 (RLIN) |
4692 |
| 650 #0 - PUNTO DE ACCESO ADICIONAL DE MATERIA--TÉRMINO DE MATERIA |
| Término de materia o nombre geográfico como elemento de entrada |
International business enterprises |
| Subdivisión general |
Management |
| 9 (RLIN) |
498 |
| 700 ## - ENTRADA AGREGADA--NOMBRE PERSONAL |
| Nombre de persona |
Ronkainen, Ilkka A. |
| Término indicativo de función/relación |
author |
| 9 (RLIN) |
20541 |
| 700 ## - ENTRADA AGREGADA--NOMBRE PERSONAL |
| Nombre de persona |
Gupta, Suraksha |
| Término indicativo de función/relación |
author |
| 9 (RLIN) |
26306 |
| 942 ## - ELEMENTOS DE ENTRADA AGREGADA (KOHA) |
| Fuente del sistema de clasificación o colocación |
Clasificación de Library of Congress |